01297nam a2200337 a 4500001001200000003000800012006001900020007001500039008004100054010001700095020004200112020002700154040002100181035002100202043001200223050002400235082001800259100002100277245013700298260004300435300001700478440005100495500002000546533015200566650002600718650002600744655002900770710001700799856012600816999001700942ebr10658504CaPaEBRm u cr cn|||||||||120813s2012 ne s 001 0 eng d z 2012032810 z9789004163416 (hardback : alk. paper) z9789004228610 (e-book) aCaPaEBRcCaPaEBR a(OCoLC)828511316 af------14aKQC572b.B49 2012eb04a342.608/32231 aBeyani, Chaloka.10aProtection of the right to seek and obtain asylum under the African human rights systemh[electronic resource] /cby Chaloka Beyani. aLeiden ;aBoston :bM. Nijhoff,c2012. axvii, 283 p. 0aRefugees and human rights,x1387-6031 ;vv. 12 aIncludes index. aElectronic reproduction.bPalo Alto, Calif. :cebrary,d2013.nAvailable via World Wide Web.nAccess may be limited to ebrary affiliated libraries. 0aHuman rightszAfrica. 0aCivil rightszAfrica. 7aElectronic books.2local2 aebrary, Inc.40uhttp://site.ebrary.com/lib/rucke/Doc?id=10658504zAn electronic book accessible through the World Wide Web; click to view c65398d65398